000 00925nam0a22002411 4500
001 rc\4720456
005 20260408081346.0
021 _aRU
_bРг275-63
035 _a(NLR Aleph) 008441370
090 _a9480391
_c9480391
100 _a20130416d1962 |||y0rusy50 ca
101 0 _arus
102 _aRU
105 _ay z |||||
200 1 _aПроявительный прибор ФКЦ-12
_eОписание и руководство к пользованию
_fЛенсовнархоз. Ордена Ленина гос. оптико-мех. завод им. ОГПУ
210 _a[Ленинград]
_cБ. и.
_d1962
215 _a8 с.
_d14
712 0 2 _aГосударственный оптико-механический завод им. ОГПУ
_cЛенинград
_9742117
_3RU\NLR\AUTH\8810122029
801 0 _aRU
_bNLR
_gpsbo
801 1 _aRU
_bELAR
_2rusmarc
852 _aNLR
_j62-1/1377
942 _cBOOK
980 _aNB